| 000 | 00562nam a22001697a 4500 | ||
|---|---|---|---|
| 020 | _a9789353168407 | ||
| 082 |
_a612 _bBAR |
||
| 100 |
_aBarrett, Kim E.; Barman, Susan M.; Brooks, Heddwen L.; Yuan, Jason _9113603 |
||
| 245 |
_aGanong's Review of Medical Physiology / _cKim E. Barrett; Susan M. Barman; Heddwen L. Brooks; Jason Yuan |
||
| 250 | _a26th Edition. | ||
| 260 |
_aNew York : _bMcGraw-Hill Education, _c2019. |
||
| 300 |
_a742 p. ; _bill, _c28 cm. |
||
| 563 | _aPBK. | ||
| 650 |
_aPhysiology _987446 |
||
| 650 | _aHuman physiology | ||
| 942 |
_2ddc _cBK |
||
| 999 |
_c595254 _d595254 |
||